Представление документа в формате MARC21

Поле Инд. ПП Название Значение
Тип записи a
Библиографический уровень m
001 Контрольный номер aceb21e0-be9f-4419-9153-45baead5a90b
005 Дата корректировки 20140703141401.9
008 Кодируемые данные 051214
020 a ISBN 5-94692-848-1
c Цена, тираж 78.00
040 a Служба первич. каталог. НБ ТвГУ
041 a Код языка текста rus
080 a Индекс УДК 611.8(075.8)
084 a Индекс другой классификации/Индекс ББК Е864.417я73-1
090 a Полочн. индекс Е864.4
x Авторский знак Ф78
100 1_ a Автор Фонсова Наталия Александровна
245 10 a Заглавие Функциональная анатомия нервной системы
b Продолж. заглавия учеб. пособие для студентов-психологов, педагогов, медиков, биологов
c Ответственность Н. А. Фонсова, В. А. Дубынин
260 0_ a Место издания Москва
b Издательство Экзамен
c Дата издания 2004
300 a Объем 189, [1] с.
b Иллюстрации/ тип воспроизводства ил.
504 a Библиография Библиогр.: с. 189-190.
583 a Действие Получение впервые 409 14.12.2005
k Исполнитель действия ООО "Кроун"
650 a Основная рубрика Нервная система
x Основная подрубрика Анатомия
650 a Основная рубрика Функциональная анатомия
x Основная подрубрика Учебники для вузов
653 a Ключевые слова Анатомия нервной системы
a Ключевые слова Анатомия человека
a Ключевые слова Нервная система
a Ключевые слова Функциональная анатомия
700 1_ a Другие авторы Дубынин Вячеслав Альбертович
e Роль лиц авт.
852 t Порядковый номер экземпляра 15
p Инвентарный номер 829865
p Инвентарный номер 829866
p Инвентарный номер 829867
p Инвентарный номер 829868
p Инвентарный номер 829869
p Инвентарный номер 829870
p Инвентарный номер 829871
p Инвентарный номер 829872
p Инвентарный номер 829873
p Инвентарный номер 829874
p Инвентарный номер 829875
p Инвентарный номер 829876
p Инвентарный номер 829877
p Инвентарный номер 829878
p Инвентарный номер 829879
863 t 00115106
863 t 00115107
863 t 00115108
863 t 00115109
863 t 00115110
863 t 00115111
863 t 00115112
863 t 00115113
863 t 00115114
863 t 00115115
863 t 00115116
863 t 00115117
863 t 00115118
863 t 00115119
863 t 00115120
888 a За счет средств университета
930 a Новая/Ретро учебники
952 p 409.2005 78.00 1 829865
p 409.2005 78.00 1 829866
p 409.2005 78.00 1 829867
p 409.2005 78.00 1 829868
p 409.2005 78.00 1 829869
p 409.2005 78.00 1 829870
p 409.2005 78.00 1 829871
p 409.2005 78.00 1 829872
p 409.2005 78.00 1 829873
p 409.2005 78.00 1 829874
p 409.2005 78.00 1 829875
p 409.2005 78.00 1 829876
p 409.2005 78.00 1 829877
p 409.2005 78.00 1 829878
p 409.2005 78.00 1 829879
c Вид литературы К ру
954 a Дата поступления на обработку 20051216
999 a Подразделение 2 Фил3